000 00760nam a2200265 4500
001 1971
010 _a9789897029981
021 _aPT
_b519777/23
090 _a1971
100 _a20251118d2023 m||y0pory50030103ba
101 _apor
102 _aPT
200 _aA religião woke
_fJean-François Braunstein
_gtrad. Ana Pinto Mendes
205 _a1ª edição
210 _aLisboa
_cGuerra & Paz
_d2023
215 _a181, [3] p.
_d23 cm
225 _aOs livros não se rendem
300 _aBMB-Registado
304 _aTít. orig.: La religion woke
606 _91903
_aTeoria e filosofia do poder
675 _a321.01
_vBMB
_zpor
700 _aBraunstein
_bJean-François
_f1953-
_92831
702 _aMendes
_bAna Pinto
_4730
_91919
801 _aPT
_bBMB
_gRPC
990 _cLIVROS